| 000 | 00650nam a2200193 a 4500 | ||
|---|---|---|---|
| 001 | 000041872 | ||
| 005 | 20201002035813.0 | ||
| 008 | 131018s1987 sp 000 0 spa d | ||
| 020 | _a8400064909 | ||
| 040 |
_aDO-SdBNP _bspa _cBNPHU |
||
| 100 | 1 |
_aFenández Galiano, Emilio _968758 |
|
| 245 | 1 | 0 |
_aPosidipo de Pela / _cEmilio Fernández Galiano. |
| 260 |
_aMadrid : _bCSIC _bInstituto de Filología, _c1987. |
||
| 300 |
_a257 p. ; _c25 cm. |
||
| 490 | 1 |
_aManuales y anejos de Emerita _v36 |
|
| 500 | _aIncluye índice | ||
| 710 | 2 |
_aConsejo Superior de Investigación Científicas (España) _964047 |
|
| 830 | 0 |
_aManuales y anejos de Emerita _v36 _963832 |
|
| 999 |
_c41361 _d41361 |
||